| 000 | 00441nam a2200181Ia 4500 | ||
|---|---|---|---|
| 001 | 11360 | ||
| 005 | 20260306162822.0 | ||
| 008 | 260306t1974||||xx |||||||||||||| ||spa|| | ||
| 041 | _aESP | ||
| 082 |
_a985.04 _bA76 |
||
| 100 |
_aArosemena Garland, Geraldo _eAUT |
||
| 245 | 0 | _aEl monumento a la gloria de Ayacucho | |
| 260 | _c1974 | ||
| 300 |
_a269 páginas : _c25 cm. |
||
| 650 | _aGEN | ||
| 654 | _aCHU | ||
| 942 |
_cLIB _dJUS _fJUS _2ddc _n |
||
| 999 |
_c11360 _d11360 |
||